| 000 | 02855nam0a2200409 4500 | ||
|---|---|---|---|
| 001 | RU\NLR\BIBL_A\022764103 | ||
| 005 | 20260503065215.0 | ||
| 010 |
_a978-5-6054957-2-7 _9500 |
||
| 021 |
_aRU _bКН-П-26-006177 _9КН-П-26-0602 |
||
| 035 | _a(NLR Aleph) 022764103 | ||
| 090 |
_a13700894 _c13700894 |
||
| 100 | _a20260324d2025 u y0rusy50 ca | ||
| 101 | 0 | _arus | |
| 102 | _aRU | ||
| 105 | _aach|ac||011yb | ||
| 181 | 0 |
_ai3 _baxxe |
|
| 182 | 0 | _an | |
| 200 | 1 |
_aВладимир Яковлевич Исмаилов _eк 80-летию ученого _eбиобиблиографический указатель _fМинистерство науки и высшего образования Российской Федерации, Федеральное государственное бюджетное научное учреждение "Федеральный научный центр биологической защиты растений" (ФГБНУ ФНЦБЗР) _gсоставитель: кандидат педагогических наук Ю. В. Соколова _gглавный редактор: кандидат биологических наук А. М. Асатурова |
|
| 203 |
_aТекст _bвизуальный _cнепосредственный |
||
| 210 |
_aКраснодар _cПросвещение-Юг _d2025 |
||
| 215 |
_a213 с. _cцв. ил., портр., факс., табл. _d23 |
||
| 320 | _aАлф. указ. загл. науч. публ.: с. 144-164 | ||
| 320 | _aАлф. указ. объектов исслед.: с. 165-170 | ||
| 600 | 1 |
_aИсмаилов _bВ. Я. _f1945 _gВладимир Яковлевич _jБиобиблиография _92707439 _3RU\NLR\AUTH\6601769955 |
|
| 606 | 1 |
_aСельскохозяйственные растения _jБиобиблиография _xБолезни и вредители _xЗащита от них _xБиологические методы _92095772 _3RU\NLR\AUTH\661268047 |
|
| 686 | 1 | _aП41д(2)Исмаилов.я1 | |
| 686 | 1 | _aП415.8я1 | |
| 702 | 1 |
_aИсмаилов _bВ. Я. _gВладимир Яковлевич _4280 |
|
| 702 | 1 |
_4220 _7ca _8rus _aСоколова _bЮ. В. _cканд. пед. наук, библиотековедение _f1969- _gЮлия Владимировна _9169294 _3RU\NLR\AUTH\770169344 |
|
| 702 | 1 |
_aАсатурова _bА. М. _gАнжела Михайловна _4340 |
|
| 712 | 0 | 2 |
_4570 _aФедеральный научный центр биологической защиты растений _cКраснодар _9821432 _3RU\NLR\AUTH\880577838 |
| 942 | _cBOOK | ||
| 980 | _aNB | ||